|
|
|
|
| LEADER |
00000nam a2200000 a 4500 |
| 001 |
vtls001502488 |
| 003 |
SK-MaSNL |
| 005 |
20260302073824.0 |
| 008 |
240314 1961 xo 000 0 slo |
| 040 |
|
|
|a SNK
|b slo
|c SNK
|e AACR2
|
| 041 |
0 |
|
|a slo
|
| 044 |
|
|
|a xr
|c SK
|
| 080 |
|
|
|a 821.162.4-31
|2 2001
|
| 100 |
1 |
|
|a Mináč, Vladimír,
|d 1922-1996
|4 aut
|9 103107
|
| 245 |
1 |
0 |
|a Zvony zvonia na deň
|n 1. časť
|p Chladný vietor zrána
|c Vladimír Mináč
|
| 250 |
|
|
|a 1. vyd.
|
| 260 |
|
|
|a Bratislava
|b Slovenský spisovateľ
|c 1961
|
| 300 |
|
|
|a 400 s.
|
| 490 |
1 |
|
|a Pôvodná próza
|
| 655 |
|
7 |
|a slovenské romány
|2 SNKPH
|9 70324
|
| 740 |
0 |
2 |
|a Chladný vietor zrána
|
| 830 |
|
0 |
|a Pôvodná próza
|9 307168
|
| 852 |
|
|
|a Štátna vedecká knižnica v Banskej Bystrici
|
| 999 |
|
|
|c 1162569
|d 1164499
|
| 952 |
|
|
|a SNKLM
|b SNKLM
|y NEVYP
|7 0
|o snklmMK 3396
|8 3
|0 0
|1 0
|4 0
|d 2006-04-11
|l 0
|r 2026-02-24 20:38:21
|w 2026-02-24
|